[Event "ECU-ch U19"]
[Site "Loja"]
[Date "2004.07.08"]
[Round "3"]
[White "Angamarca Angamarca, Edison Fernando"]
[Black "Macias Murillo, Bryan"]
[Result "0-1"]
[WhiteElo "2175"]
[BlackElo "2057"]
[PlyCount "74"]
[EventDate "2004.07.07"]
[EventType "swiss"]
[EventRounds "5"]
[EventCountry "ECU"]
[SourceTitle "EXT 2005"]
[Source "ChessBase"]
[SourceDate "2004.11.15"]
[SourceVersion "1"]
[SourceVersionDate "2004.11.15"]
[SourceQuality "1"]

1. e4 c5 2. Nf3 d6 3. Nc3 Nc6 4. d4 cxd4 5. Nxd4 Nf6 6. Bc4 e6 7. Be3 Be7 8. f3 0-0 9. Qd2 a6 10. 0-0-0 Qc7 11. Bb3 Na5 12. g4 Nxb3+ 13. Nxb3 b5 14. g5 Nd7 15. f4 Nb6 16. Bxb6 Qxb6 17. Rhf1 a5 18. f5 Rd8 19. f6 Bf8 20. Kb1 a4 21. Nd4 b4 22. Nce2 Qc5 23. h4 Ba6 24. h5 Rdc8 25. g6 Ra7 26. gxf7+ Rxf7 27. Nxe6 Qxh5 28. N2f4 Qe5 29. Rh1 Qxf6 30. Nxf8 Rcxf8 31. Qh2 h6 32. Nd5 Qg6 33. Qh4 Qg2 34. Nxb4 Be2 35. Rc1 Rf1 36. Nd3 Bxd3 37. cxd3 R1f2 0-1